<?xml version="1.0" encoding="UTF-8"?>
<marc:record xmlns:marc="http://www.loc.gov/MARC21/slim">
   <marc:leader>00000nam a2200000 a 4500</marc:leader>
   <marc:datafield ind1="1" ind2=" " tag="100">
      <marc:subfield code="a">Singer, Bryan</marc:subfield>
   </marc:datafield>
   <marc:datafield ind1="0" ind2="0" tag="245">
      <marc:subfield code="a">Operation Walküre</marc:subfield>
   </marc:datafield>
   <marc:datafield ind1="0" ind2="0" tag="245">
      <marc:subfield code="b">Das Stauffenberg Attentat</marc:subfield>
   </marc:datafield>
   <marc:datafield ind1=" " ind2="1" tag="264">
      <marc:subfield code="c">2009</marc:subfield>
   </marc:datafield>
   <marc:datafield ind1="1" ind2=" " tag="520">
      <marc:subfield code="a">Der unprätentiöse und dramatisch geradlinige Operation Walküre ist eine spannende und dennoch aufbauende Geschichte über den letzten Versuch, Adolf Hitler vor Ende des Zweiten Weltkriegs zu ermorden. Tom Cruise spielt gut - wenn auch ein wenig undurchsichtig - als heldenhafter Hauptmann Claus von Stauffenberg, den seine Wut gegenüber Hitlers Massenmorden und unmöglicher Kriegführung dazu treibt, einer Geheimorganisation beizutreten, die den Führer töten will. Als der offensive Stauffenberg vorschlägt, Hitlers Tod dafür zu nutzen, Berlin während einer Regierungskrise zu schützen &#x96; einen Notfallplan namens &#x84;Walküre&#x93; &#x96; begreift die Gruppe, dass ein Staatsstreich nach einem Attentat dadurch möglich gemacht würde, wenn man den Plan schnellstmöglich durchführt. Natürlich erzählt uns die Geschichte, dass der Plan scheiterte und dass Hitler sich Monate später selbst umbrachte.</marc:subfield>
   </marc:datafield>
   <marc:datafield ind1="0" ind2=" " tag="490">
      <marc:subfield code="v">0</marc:subfield>
   </marc:datafield>
   <marc:datafield ind1=" " ind2=" " tag="300">
      <marc:subfield code="a">117 min</marc:subfield>
   </marc:datafield>
</marc:record>
